<?xml version="1.0" encoding="UTF-8"?>
<record
    xmlns:xsi="http://www.w3.org/2001/XMLSchema-instance"
    xsi:schemaLocation="http://www.loc.gov/MARC21/slim http://www.loc.gov/standards/marcxml/schema/MARC21slim.xsd"
    xmlns="http://www.loc.gov/MARC21/slim">

  <leader>00918cam a22002651  4500</leader>
  <controlfield tag="001">ne 68004434 </controlfield>
  <controlfield tag="003">DLC</controlfield>
  <controlfield tag="005">20260227111849.0</controlfield>
  <controlfield tag="008">800108s1965    tu            000 0 tur  </controlfield>
  <datafield tag="010" ind1=" " ind2=" ">
    <subfield code="a">ne 68004434 </subfield>
  </datafield>
  <datafield tag="035" ind1=" " ind2=" ">
    <subfield code="a">(OCoLC)5854863</subfield>
  </datafield>
  <datafield tag="040" ind1=" " ind2=" ">
    <subfield code="a">DLC</subfield>
    <subfield code="c">AzU</subfield>
    <subfield code="d">DLC</subfield>
  </datafield>
  <datafield tag="042" ind1=" " ind2=" ">
    <subfield code="a">premarc</subfield>
  </datafield>
  <datafield tag="050" ind1="0" ind2="0">
    <subfield code="a">CT1478.G6</subfield>
    <subfield code="b">A22</subfield>
  </datafield>
  <datafield tag="100" ind1="1" ind2=" ">
    <subfield code="a">G&#xF6;kalp, Ziya,</subfield>
    <subfield code="d">1876-1924.</subfield>
  </datafield>
  <datafield tag="245" ind1="1" ind2="0">
    <subfield code="a">Limni ve Malta mektuplar&#x131;.</subfield>
    <subfield code="c">Haz&#x131;rlayan: Fevziye Abdullah Tansel.</subfield>
  </datafield>
  <datafield tag="260" ind1=" " ind2=" ">
    <subfield code="a">Ankara,</subfield>
    <subfield code="b">T&#xFC;rk Tarih Kurumu Bas&#x131;mevi,</subfield>
    <subfield code="c">1965.</subfield>
  </datafield>
  <datafield tag="300" ind1=" " ind2=" ">
    <subfield code="a">lxii, 624 p.</subfield>
    <subfield code="c">24 cm.</subfield>
  </datafield>
  <datafield tag="490" ind1="1" ind2=" ">
    <subfield code="a">His Ziya G&#xF6;kalp k&#xFC;lliyat&#x131;,</subfield>
    <subfield code="v">2</subfield>
  </datafield>
  <datafield tag="490" ind1="1" ind2=" ">
    <subfield code="a">T&#xFC;rk Tarih Kurumu yay&#x131;nlar&#x131;ndan, 2. seri, nu. 18a.</subfield>
  </datafield>
  <datafield tag="504" ind1=" " ind2=" ">
    <subfield code="a">Bibliographical footnotes.</subfield>
  </datafield>
  <datafield tag="700" ind1="1" ind2=" ">
    <subfield code="a">Tansel, Fevziye Abdullah,</subfield>
    <subfield code="e">ed.</subfield>
  </datafield>
  <datafield tag="800" ind1="1" ind2=" ">
    <subfield code="a">G&#xF6;kalp, Ziya,</subfield>
    <subfield code="d">1876-1924.</subfield>
    <subfield code="t">Ziya G&#xF6;kalp k&#xFC;lliyat&#x131;,</subfield>
    <subfield code="v">2.</subfield>
  </datafield>
  <datafield tag="810" ind1="2" ind2=" ">
    <subfield code="a">T&#xFC;rk Tarih Kurumu.</subfield>
    <subfield code="t">T&#xFC;rk Tarih Kurumu yay&#x131;nlar&#x131; ;</subfield>
    <subfield code="v">seri 2, nu.18a.</subfield>
  </datafield>
  <datafield tag="999" ind1=" " ind2=" ">
    <subfield code="c">51011</subfield>
    <subfield code="d">51011</subfield>
  </datafield>
</record>
